[Event "Eq:Angels of Checkmate-BEAC Hungary : "]
[Site "www.chess-mail.com"]
[Date "2015.04.17"]
[Round "1"]
[White "Stevefillion"]
[Black "Korto"]
[WhiteElo "2320"]
[BlackElo "2380"]
[Result "1-0"]
[Round "1"]
1.d4 Ng8f6
2.c4 g6
3.Nb1c3 d5
4.Ng1f3 Bf8g7
5.Bc1g5 Nf6e4
6.Bg5h4 Ne4xc3
7.bxc3 Nb8c6
8.e3 O-O
9.cxd5 Qd8xd5
10.Bf1e2 e5
11.O-O exd4
12.cxd4 Bc8e6
13.Nf3g5 Be6f5
14.Be2f3 Qd5a5
15.Ng5e4 Ra8b8
16.Ne4c5 Nc6e5
17.Bf3xb7 Ne5d3
18.Nc5xd3 Rb8xb7
19.Nd3c5 Rb7b2
20.a4 Rf8e8
21.Qd1f3 Qa5b6
22.a5 Qb6b5
23.a6 Bg7f8
24.Bh4f6 Rb2b4
25.Ra1c1 Qb5b6
26.Bf6g5 Bf8xc5
27.Rc1xc5 Rb4b1
28.Qf3c6 Rb1xf1
29.Kxf1 Bf5d3
30.Kg1 Qb6b1
31.Rc5c1 Qb1xc1
32.Qc6xc1 Re8b8
33.Bg5f4 Rb8b1
34.Qc1xb1 Bd3xb1
35.Bf4xc7 Bb1d3
36.Bc7b8 Bd3xa6
37.Bb8xa7 f5
38.f3 Ba6b7
39.Ba7b6 Kf7
40.Bb6d8 Ke6
41.Kf2 Kd5
42.Kg3 Bb7a6
43.Bd8f6 Ba6f1
44.Bf6e5 Kc4
45.Be5g7 Kd5
46.Kf2 Bf1d3
47.Kg3 Bd3f1
48.h4 h5
49.Bg7h8 Kc4
50.e4 fxe4
51.fxe4 Bf1d3
52.Kf4 Bd3f1
53.g3 Bf1g2
54.d5 Kc5
55.Ke5 Bg2f3
56.Bh8g7 Bf3g4
57.Bg7f8 Kc4
58.Kd6 Kd4
59.e5 Bg4f3
60.e6 Bf3xd5
61.e7 Bd5f7
62.Kd7 Ke5
63.e8Q Bf7xe8
64.Kxe8 Kf5
65.Bf8e7 Kg4
66.Kf7 Kxg3
67.Kxg6 { resign }
1-0

[Event "Eq:Team USA-Slap Shot Mates : "]
[Site "www.chess-mail.com"]
[Date "2015.04.17"]
[Round "1"]
[White "Preacher59"]
[Black "Mustaphly"]
[WhiteElo "2000"]
[BlackElo "2680"]
[Result "0-1"]
[Round "1"]
1.c4 e5
2.Nb1c3 d6
3.d3 Bc8e6
4.g3 c6
5.Bf1g2 Ng8f6
6.Bc1g5 Nb8d7
7.e3 Bf8e7
8.Ng1e2 Ra8c8
9.O-O O-O
10.Ra1b1 a6
11.b4 h6
12.Bg5xf6 Nd7xf6
13.a4 d5
14.c5 a5
15.d4 exd4
16.exd4 b6
17.f4 axb4
 { time }
0-1

[Event "Eq:CONFOEDERATIONIS HELVETICAE-Los Tercios : "]
[Site "www.chess-mail.com"]
[Date "2015.04.17"]
[Round "1"]
[White "Thurgau"]
[Black "Gorgo"]
[WhiteElo "2680"]
[BlackElo "2310"]
[Result "1-0"]
[Round "1"]
1.e4 e5
2.Ng1f3 Nb8c6
3.Bf1b5 a6
4.Bb5a4 Ng8f6
5.O-O Bf8e7
6.Rf1e1 b5
7.Ba4b3 d6
8.c3 O-O
9.h3 Nc6a5
10.Bb3c2 c5
11.d4 cxd4
12.cxd4 Bc8b7
13.Nb1d2 Qd8c7
14.Nd2f1 Ra8c8
15.Re1e2 Na5c6
16.Nf1g3 g6
17.Bc1h6 Nf6d7
18.d5 Nc6b4
19.Bc2b1 a5
20.a3 Nb4a6
21.Bh6xf8 Be7xf8
22.Bb1d3 b4
23.Re2c2 Na6c5
24.axb4 axb4
25.Qd1e1 Qc7b6
26.Bd3f1 Rc8b8
27.Qe1e3 Bf8e7
28.Bf1e2 Rb8f8
29.Nf3d2 Rf8b8
30.Be2g4 Nd7f6
31.Nd2b3 Nf6xg4
32.hxg4 Be7g5
33.Qe3xg5 Nc5xb3
34.Ra1e1 Nb3d4
35.Rc2c1 Nd4b3
36.Rc1c4 Nb3c5
37.Ng3h5 Rb8a8
38.Re1e3 Nc5d7
39.Qg5e7 Bb7a6
40.Re3f3 Ra8f8
41.Qe7xd7 Ba6xc4
42.Nh5f6 Kg7
43.Nf6e8 Kg8
44.Qd7e7 { resign }
1-0

[Event "Fast Game"]
[Site "www.echecsemail.com"]
[Date "2015.04.17"]
[Round "1"]
[White "Cyrilgeorge"]
[Black "Rasko90"]
[WhiteElo "1599"]
[BlackElo "1599"]
[Result "1-0"]
[Round "1"]
1.e4 c5
2.c4 Nb8c6
3.Ng1f3 g6
4.d3 Bf8g7
5.Nb1c3 e6
6.Qd1c2 Ng8e7
7.Bc1d2 O-O
8.Bf1e2 Nc6d4
9.Nf3xd4 cxd4
10.Nc3a4 d5
11.cxd5 exd5
{ time. }
1-0

[Event "Tourn. n8025"]
[Site "www.chess-mail.com"]
[Date "2015.04.18"]
[Round "1"]
[White "Fabos12"]
[Black "Samael"]
[WhiteElo "1900"]
[BlackElo "2090"]
[Result "0-1"]
[Round "1"]
1.e4 e5
2.d4 exd4
3.Qd1xd4 Nb8c6
4.Qd4d1 d6
5.Nb1c3 Ng8f6
6.Bc1g5 Bf8e7
7.Bf1b5 Bc8d7
8.Ng1f3 O-O
9.O-O h6
10.Bg5h4 a6
11.Bb5a4 Rf8e8
12.Rf1e1 Nf6g4
13.Bh4g3 Be7f6
14.h3 Ng4e5
15.Nf3xe5 Nc6xe5
16.Ba4b3 Bd7e6
17.Nc3d5 Be6xd5
18.Bb3xd5 c6
19.Bg3xe5 Bf6xe5
20.Bd5b3 Be5xb2
21.Ra1b1 Bb2e5
22.Qd1h5 Qd8d7
23.Re1e3 Re8e7
24.g4 Ra8e8
25.Kh1 Kh7
26.Rb1f1 Be5f4
27.Re3e1 g6
28.Qh5h4 Re7xe4
29.f3 Re4xe1
30.Rf1xe1 Re8xe1
31.Qh4xe1 d5
32.Qe1h4 Qd7e6
33.Qh4f2 Qe6e3
34.Kg2 Qe3xf2
 { time }
0-1

[Event "Tourn. n8069"]
[Site "www.chess-mail.com"]
[Date "2015.04.18"]
[Round "1"]
[White "Krystek23"]
[Black "Emmanuelasi"]
[WhiteElo "2340"]
[BlackElo "2240"]
[Result "1-0"]
[Round "1"]
1.c4 Nb8c6
2.Nb1c3 e5
3.e3 Ng8f6
4.a3 a5
5.Qd1c2 Bf8c5
6.Bf1e2 d6
7.Ng1f3 O-O
8.h3 Rf8e8
9.O-O h6
10.d3 Bc8f5
11.Nf3h2 Nc6e7
12.Bc1d2 Ne7g6
13.Nc3a4 Nf6d7
14.b4 Bc5a7
15.e4 Bf5e6
16.bxa5 Nd7c5
17.Na4xc5 Ba7xc5
18.Bd2b4 Bc5d4
19.Ra1b1 Ng6f4
20.Kh1 Qd8g5
21.Be2f3 f5
22.Bb4d2 Qg5f6
23.Rb1xb7 Ra8a7
24.Rb7xa7 Bd4xa7
25.Bd2e3 Ba7d4
26.a6 Be6c8
27.Be3xd4 exd4
28.a7 Bc8b7
29.e5 Bb7xf3
30.exf6 Bf3xg2
31.Kg1 Bg2c6
32.f3 Re8e2
33.Qc2b1 Nf4xh3
34.Kh1 { resign }
1-0

[Event "Tourn. n8162"]
[Site "www.chess-mail.com"]
[Date "2015.04.18"]
[Round "1"]
[White "Chesspower"]
[Black "Oliverio"]
[WhiteElo "1760"]
[BlackElo "1640"]
[Result "0-1"]
[Round "1"]
1.c4 e5
2.Nb1c3 Ng8f6
3.g3 d5
4.cxd5 Nf6xd5
5.Bf1g2 Nd5b6
6.d3 Nb8c6
7.Ng1f3 Bf8e7
 { time }
0-1

[Event "Tourn. n8130"]
[Site "www.chess-mail.com"]
[Date "2015.04.18"]
[Round "1"]
[White "Syd"]
[Black "Hali"]
[WhiteElo "2180"]
[BlackElo "2180"]
[Result "1/2-1/2"]
[Round "1"]
1.e4 c5
2.Nb1c3 Nb8c6
3.f4 g6
4.Ng1f3 Bf8g7
5.Bf1b5 e6
6.Bb5xc6 bxc6
7.O-O Ng8e7
8.d3 O-O
9.Qd1e1 Ra8b8
10.e5 d6
11.exd6 Qd8xd6
12.Nc3e4 Qd6d5
13.Nf3e5 Bc8a6
14.c4 Qd5d8
15.Ne4xc5 Bg7xe5
16.fxe5 Rb8b6
17.Qe1f2 Ne7f5
18.Bc1e3 Ba6c8
19.Nc5e4 Nf5xe3
20.Qf2xe3 Qd8h4
21.Ne4f6 Kg7
22.Rf1f3 Rb6xb2
23.Rf3h3 Qh4xh3
24.Qe3xh3 h5
25.Qh3e3 Rf8d8
26.Nf6e4 Bc8b7
27.Ne4d6 Bb7a8
28.Qe3g5 Rd8d7
29.Qg5f6 Kg8
30.Ra1f1 c5
31.Rf1f3 Ba8xf3
32.Qf6xf3 Rb2xa2
33.h3 a5
34.Qf3c6 Rd7e7
35.Qc6c8 Kg7
36.Nd6e4 a4
37.Qc8xc5 Re7b7
38.Ne4c3 Ra2a1
39.Kh2 a3
{ draw }
1/2-1/2

[Event "Tourn. n8167"]
[Site "www.chess-mail.com"]
[Date "2015.04.18"]
[Round "1"]
[White "4knights"]
[Black "Llcervello"]
[WhiteElo "1830"]
[BlackElo "1670"]
[Result "1-0"]
[Round "1"]
1.d4 d5
2.c4 c6
3.Ng1f3 Bc8f5
4.e3 e6
5.Nb1c3 Qd8a5
6.Bc1d2 dxc4
7.Bf1xc4 Qa5b4
8.Bc4b3 Bf5d3
9.Nc3d5 Qb4d6
10.Nd5f4 c5
11.dxc5 Qd6a6
12.Nf4xd3 Qa6xd3
13.Nf3e5 Qd3e4
14.Bb3a4 Ke7
15.Bd2c3 Qe4d5
16.Bc3d4 Qd5xg2
17.Qd1f3 Qg2g5
18.Qf3xb7 Kf6
19.Qb7xf7 { resign }
1-0

[Event "Tourn. n8159"]
[Site "www.chess-mail.com"]
[Date "2015.04.18"]
[Round "1"]
[White "Zazi"]
[Black "Oliverio"]
[WhiteElo "1540"]
[BlackElo "1610"]
[Result "0-1"]
[Round "1"]
1.e4 e5
2.d3 Ng8f6
3.g4 h6
4.Qd1f3 d5
5.Bc1d2 Bc8xg4
6.Qf3g3 Qd8d7
7.Qg3xe5 Bf8e7
8.exd5 Qd7xd5
9.Qe5xd5 Nf6xd5
10.Bf1g2 c6
11.Nb1a3 Be7xa3
12.bxa3 Nb8d7
13.h3 Bg4h5
14.Ng1f3 O-O-O
15.O-O Kb8
16.Ra1b1 Nd7b6
17.Bd2a5 Nd5f4
18.Nf3e5 Nf4xg2
19.Kxg2 Rd8d5
20.Ba5c3 f6
21.Ne5c4 Nb6xc4
22.dxc4 Rd5c5
23.Rb1b3 Rh8d8
24.Bc3b4 Rc5xc4
25.Bb4e7 Rd8d7
26.Rf1e1 Rc4xc2
27.Rb3e3 Rd7d2
28.Re1f1 Bh5e2
29.Rf1e1 Be2c4
30.Be7f8 Rd2xf2
31.Kg3 Rf2g2
32.Kh4 Bc4f7
33.Bf8d6 Kc8
34.Bd6g3 Rc2c4
35.Re3e4 f5
36.Re4xc4 g5

0-1

[Event "Tourn. n8147"]
[Site "www.chess-mail.com"]
[Date "2015.04.18"]
[Round "1"]
[White "Gilliere"]
[Black "Neo"]
[WhiteElo "1840"]
[BlackElo "1730"]
[Result "1-0"]
[Round "1"]
1.e4 e5
2.Ng1f3 Nb8c6
3.Bf1b5 d5
4.Nf3xe5 Bc8d7
5.Ne5xc6 Bd7xc6
6.Bb5xc6 bxc6
7.Qd1e2 Bf8e7
8.d3 Ng8f6
9.e5 Nf6d7
10.d4 O-O
11.O-O Nd7b6
12.c3 Nb6c4
13.Nb1d2 Nc4xd2
14.Bc1xd2 h6
15.Qe2a6 c5
16.Bd2e3 c4
17.f4 Qd8d7
18.f5 Be7g5
19.Be3xg5 hxg5
20.e6 fxe6
21.Qa6xe6 Qd7xe6
22.fxe6 Rf8xf1
23.Ra1xf1 Ra8e8
24.Rf1f7 Re8xe6
25.Rf7xc7 a6
26.Kf2 Re6f6
27.Kg3 Kh7
28.Rc7d7 Rf6f5
29.Rd7a7 Rf5f6
30.a4 Kh6
31.a5 g6
32.Ra7d7 Rf6e6
33.Rd7xd5 Re6e3
34.Kf2 Re3e6
35.Rd5c5 Re6f6
36.Kg1 Kh5
37.Rc5xc4 g4
38.g3 g5
39.d5 Rf6f5
40.Rc4d4 Kg6
41.b4 Kf6
42.d6 Ke6
43.d7 Rf5f3
44.d8Q Rf3xc3
45.Rd4xg4 Rc3c1
46.Kg2 Rc1c2
47.Kh3 { resign }
1-0

[Event "Tourn. n8189"]
[Site "www.chess-mail.com"]
[Date "2015.04.18"]
[Round "1"]
[White "Generalfree"]
[Black "Panham"]
[WhiteElo "1940"]
[BlackElo "2000"]
[Result "0-1"]
[Round "1"]
1.e4 c6
2.Ng1f3 d5
3.e5 Bc8f5
4.d4 e6
5.Bf1d3 Bf5xd3
6.Qd1xd3 Nb8d7
7.a3 c5
8.b3 cxd4
9.Nf3xd4 Nd7xe5
10.Qd3h3 Ng8f6
11.Bc1b2 Ne5d7
12.b4 a6
13.O-O Bf8e7
14.Rf1e1 Nf6e4
15.Nd4xe6 fxe6
16.Qh3xe6 Qd8b6
17.Qe6xb6 Nd7xb6
18.Bb2xg7 Rh8g8
19.Bg7d4 Nb6d7
20.f3 Ne4f6
21.Ra1a2 Kf7
22.c3 Be7d6
23.g4 h5
24.h3 hxg4
25.hxg4 Rg8g5
26.Bd4xf6 Nd7xf6
27.Ra2d2 Bd6f4
28.Rd2e2 Ra8e8
29.Re2xe8 Nf6xe8
30.Re1d1 Ne8c7
31.Rd1d4 Bf4e3
{ resign }
0-1

[Event "Tourn. n8165"]
[Site "www.chess-mail.com"]
[Date "2015.04.18"]
[Round "1"]
[White "Oliverio"]
[Black "Forest"]
[WhiteElo "1640"]
[BlackElo "1570"]
[Result "1-0"]
[Round "1"]
1.e4 Ng8f6
2.e5 Nf6d5
3.c4 Nd5b6
4.d4 d6
5.exd6 exd6
6.Nb1c3 Bf8e7
7.Ng1f3 O-O
8.Bf1d3 Be7f6
9.O-O  { time }
1-0

[Event "Tourn. n8148"]
[Site "www.chess-mail.com"]
[Date "2015.04.18"]
[Round "1"]
[White "Anja"]
[Black "Oliverio"]
[WhiteElo "1680"]
[BlackElo "1590"]
[Result "1-0"]
[Round "1"]
1.d4 Ng8f6
2.Ng1f3 e6
3.Bc1f4 Bf8e7
4.c4 d5
5.e3 O-O
6.Bf1d3 Nb8d7
7.O-O c6
8.Nb1d2 Nf6h5
9.Bf4e5 f6
10.Be5g3 Nh5xg3
11.fxg3 g6
{ time. }
1-0

[Event "Tourn. n8082"]
[Site "www.chess-mail.com"]
[Date "2015.04.18"]
[Round "1"]
[White "Vinvangogh"]
[Black "Cl3537"]
[WhiteElo "1340"]
[BlackElo "1400"]
[Result "1-0"]
[Round "1"]
1.e4 e5
2.Nb1c3 Ng8f6
3.Bf1c4 Nb8c6
4.Qd1f3 d6
5.Nc3d5 Bf8e7
6.h3 Nf6xd5
7.exd5 Nc6d4
8.Qf3h5 g6
9.Qh5h6 c6
10.Bc4b5 cxb5
11.a4 bxa4
12.Ra1xa4 f5
13.Qh6g7 Rh8f8
14.f4 exf4
15.Ng1e2 Nd4xe2
16.Kxe2 a6
17.Qg7xh7 a5
18.Qh7xg6 Kd7
19.Qg6e6 Ke8
20.Qe6g6 Kd7
21.d3 Rf8f6
22.Qg6g7 b6
23.Bc1xf4 Qd8c7
24.Ra4c4 Qc7d8
25.Bf4g5 Rf6f8
26.Rh1f1 Bc8b7
27.g4 Bb7xd5
28.Rc4d4 b5
29.Rd4xd5 Ra8a6
30.c4  { time }
1-0

[Event "Match"]
[Site "www.echecsemail.com"]
[Date "2015.04.18"]
[Round "1"]
[White "Hurtadofredy"]
[Black "Germancho95"]
[WhiteElo "1350"]
[BlackElo "1600"]
[Result "1-0"]
[Round "1"]
1.c3 Ng8f6
2.g3 e6
3.d3 c5
4.h4 b6
5.Bf1g2 Nb8c6
6.Bc1d2 d5
7.Ng1f3 Bf8d6
8.b4 cxb4
9.a3 Bc8d7
10.axb4 b5
11.Nb1a3 a6
12.Na3c2 O-O
13.h5 h6
14.Nf3h4 Nc6e5
15.f3 Nf6xh5
16.g4 Nh5f6
17.Nc2e3 Bd7c6
18.Kf2 a5
19.Qd1b3 a4
20.Qb3b2 g5
21.d4 Ne5c4
22.Ne3xc4 bxc4
23.Qb2c2 Qd8b6
24.Nh4g6 fxg6
25.Qc2xg6 Kh8
26.Rh1xh6 { resign }
1-0

[Event "Match"]
[Site "www.echecsemail.com"]
[Date "2015.04.18"]
[Round "1"]
[White "Bbking"]
[Black "Willbest500"]
[WhiteElo "1450"]
[BlackElo "1499"]
[Result "1-0"]
[Round "1"]
1.e4 e5
2.Ng1f3 g6
3.Nf3xe5 Bf8g7
4.f4 Ng8f6
5.Nb1c3 O-O
6.d4 d6
7.Ne5f3 Nb8c6
8.d5 Nf6g4
9.Bf1b5 Ng4f2
10.Kxf2 Bc8g4
11.Bb5xc6 bxc6
12.h3 Bg4d7
13.Bc1e3 f5
14.g4 Qd8b8
15.Ra1b1 fxg4
16.hxg4 Bd7xg4
17.Rh1h4 Bg4c8
18.Be3d4 Qb8b4
19.a3 Qb4b8
20.b4  { time }
1-0

[Event "Match"]
[Site "www.echecsemail.com"]
[Date "2015.04.18"]
[Round "1"]
[White "Luzhin"]
[Black "Goofy"]
[WhiteElo "2260"]
[BlackElo "2240"]
[Result "1-0"]
[Round "1"]
1.d4 e6
2.e4 d5
3.e5 c5
4.Bf1d3 cxd4
5.Ng1f3 Nb8c6
6.O-O Ng8e7
7.Nb1d2 Ne7g6
8.Bd3xg6 hxg6
9.Nd2b3 Qd8c7
10.Rf1e1 Rh8h5
11.Bc1f4 Bf8b4
12.Re1e2 Bc8d7
13.a3 Bb4e7
14.Nb3xd4 Nc6xd4
15.Qd1xd4 Be7c5
16.Qd4d2 O-O-O
17.Bf4e3 Rd8h8
18.Be3xc5 Qc7xc5
19.Re2e3 Qc5e7
20.h3 g5
21.Qd2d4 Kb8
22.c4 Bd7c6
23.cxd5 Bc6xd5
24.Ra1c1 Bd5xf3
25.Re3xf3 Rh8d8
26.Rf3xf7 { resign }
1-0

[Event "Match"]
[Site "www.echecsemail.com"]
[Date "2015.04.18"]
[Round "1"]
[White "Ranjachess"]
[Black "Rindrandria"]
[WhiteElo "1700"]
[BlackElo "1570"]
[Result "1-0"]
[Round "1"]
1.d4 h6
2.e4 c5
3.d5 Nb8a6
4.Bc1f4 Qd8b6
5.Nb1c3 Qb6xb2
6.Nc3b5 Qb2b4
7.c3 Qb4xe4
8.Ng1e2 Ng8f6
9.d6 e5
10.f3 Qe4c4
11.Ne2d4 Qc4d5
12.c4 Qd5xd4
13.Nb5xd4 exd4
14.Bf4e5 b6
15.a3 Bc8b7
16.Bf1d3 b5
17.cxb5 Na6b8
18.Be5xf6 gxf6
19.O-O Bf8xd6
20.Qd1e2 Kd8
21.Rf1e1 c4
22.Bd3xc4 Rh8f8
23.Qe2d2 Bd6e5
24.Qd2xh6 Rf8e8
25.f4 d5
26.Bc4d3 Nb8d7
27.fxe5 fxe5
28.Bd3f5 Bb7c8
29.Bf5xd7 Bc8xd7
30.b6 Re8e6
31.Qh6f8 Bd7e8
32.Ra1c1 axb6
33.Re1f1 Ra8a7
34.a4 Re6e7
35.Rc1c6 Ra7b7
36.Rc6d6 Rb7d7
37.Rd6xb6 e4
38.a5 d3
39.a6 e3
40.Rb6b8 Kc7
41.Rb8xe8 e2
42.Rf1c1 Kd6
43.Re8xe7 Rd7xe7
44.Qf8b8 Ke6
45.Kf2 d2
46.Qb8b1 Re7c7
47.Rc1e1 dxe1Q
48.Qb1xe1 Rc7c2
49.Qe1xe2 Rc2xe2
50.Kxe2 Ke5
51.a7 { resign }
1-0

[Event "Match"]
[Site "www.echecsemail.com"]
[Date "2015.04.18"]
[Round "1"]
[White "Willbest500"]
[Black "Chapi"]
[WhiteElo "1499"]
[BlackElo "2010"]
[Result "0-1"]
[Round "1"]
1.d4 d5
2.c4 g6
3.Ng1f3 Bf8g7
4.g3 Ng8f6
5.Bf1g2 O-O
6.Nb1c3 b6
7.Bc1f4 c5
8.e3 Nb8c6
9.Nc3b5 Bc8b7
10.Nb5c7 Ra8c8
11.Nc7xd5 Nf6xd5
12.cxd5 Qd8xd5
13.O-O cxd4
14.Nf3xd4 Qd5d7
15.Ra1c1 Nc6xd4
16.exd4 Bb7xg2
17.Kxg2 Bg7xd4
18.Bf4e3 Qd7b7
19.Kg1 Bd4xb2
20.Rc1b1 Bb2g7
21.Qd1d2 Rf8d8
22.Qd2b4 Rc8c2
23.Qb4b3 Qb7c6
 { time }
0-1

[Event "Match"]
[Site "www.echecsemail.com"]
[Date "2015.04.18"]
[Round "1"]
[White "Canario"]
[Black "Oxycontin"]
[WhiteElo "1660"]
[BlackElo "2040"]
[Result "0-1"]
[Round "1"]
1.e4 Ng8f6
2.Nb1c3 d5
3.e5 Nf6d7
4.d4 e6
5.a3 c5
6.Bf1b5 Nb8c6
7.dxc5 Bf8xc5
8.Ng1f3 O-O
9.Bc1g5 Bc5e7
10.Bg5e3 Nc6xe5
11.Bb5xd7 Ne5xf3
12.Qd1xf3 Bc8xd7
13.Qf3g3 Be7f6
14.O-O d4
15.Nc3e4 dxe3
16.Qg3xe3 Bd7c6
17.Ra1d1 Qd8e7
18.Rf1e1 Bf6xb2
19.Ne4d6 Qe7f6
20.Nd6c4 Qf6g6
21.f3 Bb2f6
22.Kh1 a6
23.Nc4b6 Ra8d8
24.Nb6c4 Rd8xd1
25.Re1xd1 Rf8d8
26.Rd1xd8 Bf6xd8
27.Nc4e5 Qg6xc2
28.h3 Bd8c7
29.Qe3d4 Qc2c1
30.Kh2 Bc7xe5
31.Qd4xe5 h6
32.Qe5d6 Qc1e3
33.Kg3 g5
34.Qd6d8 Kg7
35.Qd8d6 Qe3f4
36.Qd6xf4 gxf4
37.Kxf4 Kf6
38.g4 e5
39.Ke3 Kg5
40.Kf2 Kf4
41.h4 Bc6xf3
{ resign }
0-1

[Event "Match"]
[Site "www.echecsemail.com"]
[Date "2015.04.18"]
[Round "1"]
[White "Fangshuo"]
[Black "Vinvangogh"]
[WhiteElo "2040"]
[BlackElo "1520"]
[Result "1-0"]
[Round "1"]
1.e4 e5
2.Ng1f3 Bf8d6
3.Nb1c3 Ng8f6
4.Bf1c4 Nb8c6
5.d4 Nc6xd4
6.Nf3xd4 exd4
7.Qd1xd4 Bd6e5
8.Qd4xe5 Qd8e7
9.Qe5xe7 Kxe7
10.e5 Nf6g4
11.Bc1g5 f6
12.Nc3d5 Ke6
13.exf6 gxf6
14.Nd5xf6 Kf5
15.Nf6xg4 Kxg4
16.Bg5e3 Rh8e8
17.O-O-O a5
18.Rd1d5 d6
19.h3 Kh4
20.g3 { resign }
1-0

[Event "Match"]
[Site "www.echecsemail.com"]
[Date "2015.04.18"]
[Round "1"]
[White "F14"]
[Black "Gilliere"]
[WhiteElo "1900"]
[BlackElo "1840"]
[Result "0-1"]
[Round "1"]
1.e4 e5
2.Ng1f3 d6
3.Nb1c3 Ng8f6
4.d4 exd4
5.Nf3xd4 Nb8d7
6.Bc1g5 Bf8e7
7.Bf1e2 a6
8.O-O c5
9.Nd4f5 O-O
10.f4 h6
11.Bg5xf6 Nd7xf6
12.Nf5xe7 Qd8xe7
13.e5 dxe5
14.Nc3d5 Nf6xd5
15.Qd1xd5 exf4
16.Be2d3 Rf8d8
17.Qd5f3 Qe7e3
18.Kh1 Qe3xf3
19.Rf1xf3 g5
20.h3 b5
21.b3 Bc8b7
22.Rf3f1 Rd8f8
23.Ra1e1 Ra8e8
24.Re1e2 Re8xe2
25.Bd3xe2 f5
26.c4 b4
27.Rf1a1 Rf8e8
28.Be2f3 Bb7xf3
29.gxf3 Re8e3
30.Kg2 Kf7
31.Kf2 Ke7
32.Ra1d1 Re3e5
33.Rd1d3 h5
34.Rd3d2 g4
35.hxg4 fxg4
36.fxg4 hxg4
37.Kg2 Re5e3
38.Kf2 g3
39.Kg2 Re3e4
40.Rd2c2 Re4d4
41.Kf3 Kf6
42.Rc2e2 Kf5
43.Re2b2 Rd4d3
44.Ke2 Rd3e3
45.Kf1 f3
46.Rb2c2 Kf4
47.Rc2d2 Re3e2
48.Rd2d8 g2
49.Kg1 f2
50.Kxg2 Re2xa2
51.Rd8f8 Ke4
52.Rf8e8 Kd3
53.Re8e5 Kc3
54.Re5xc5 Kxb3
55.Kf1 a5
56.Rc5c8 a4
57.c5 Ra2c2
58.c6 a3
59.c7 a2
60.Rc8a8 Rc2xc7
61.Kxf2 Rc7c1
{ resign }
0-1

[Event "Match"]
[Site "www.echecsemail.com"]
[Date "2015.04.18"]
[Round "1"]
[White "Yussuf1000"]
[Black "Chapi"]
[WhiteElo "1499"]
[BlackElo "2020"]
[Result "1-0"]
[Round "1"]
1.d4 d5
2.Ng1f3 c5
3.c3 Nb8c6
4.Bc1f4 Ng8f6
5.e3 e6
6.Nb1d2 Bf8d6
7.dxc5 Bd6xc5
8.Bf1d3 O-O
9.O-O Qd8e7
10.e4 e5
11.Bf4g5 h6
12.Bg5xf6 Qe7xf6
13.exd5 Nc6e7
14.b4 Bc5d6
15.Nd2e4 Qf6g6
16.Nf3h4 Qg6g4
17.Qd1xg4 Bc8xg4
18.Ne4xd6 Ne7xd5
19.Bd3c4 Nd5xc3
20.Nh4g6 Rf8d8
21.Nd6xf7 Rd8d4
22.Nf7xh6 Kh7
23.Nh6xg4 Kxg6
24.Ng4xe5 Kf5
25.Rf1c1 Rd4xc4
26.Ne5xc4 Nc3e2
27.Kf1 Ne2xc1
28.Ra1xc1 Ra8c8
29.Nc4e3 { resign }
1-0

[Event "Match"]
[Site "www.echecsemail.com"]
[Date "2015.04.18"]
[Round "1"]
[White "Harrytheking"]
[Black "Krystek23"]
[WhiteElo "1690"]
[BlackElo "2330"]
[Result "0-1"]
[Round "1"]
1.c4 e5
2.e4 Ng8f6
3.Nb1c3 Bf8c5
4.a3 d6
5.h3 h6
6.b4 Bc5d4
7.Ra1b1 Bd4xc3
8.dxc3 Nf6xe4
9.Bc1b2 Qd8h4
10.Qd1f3 Ne4xf2
11.Qf3xf2 Qh4e4
12.Bf1e2 Qe4xb1
13.Be2d1 Bc8e6
14.Ng1f3 Be6xc4
15.Nf3d2 Qb1xb2
16.Bd1f3 Qb2xc3
17.Bf3xb7 Qc3c1

0-1

[Event "Match"]
[Site "www.echecsemail.com"]
[Date "2015.04.18"]
[Round "1"]
[White "Derik"]
[Black "Chessexpert"]
[WhiteElo "1480"]
[BlackElo "1600"]
[Result "1-0"]
[Round "1"]
1.e4 e5
2.d3 Nb8c6
3.Nb1d2 Bf8c5
4.Ng1f3 d6
5.g3 Ng8f6
6.Bf1g2 O-O
7.O-O a6
8.b3 Bc8g4
9.h3 Bg4e6
10.c4 Nc6d4
11.Bc1b2 Nd4xf3
12.Qd1xf3 Qd8d7
13.Ra1e1 b5
14.Re1c1 Bc5b4
15.Qf3e3 Bb4xd2
16.Qe3xd2 c5
17.Rc1e1  { time }
1-0

[Event "Match"]
[Site "www.echecsemail.com"]
[Date "2015.04.18"]
[Round "1"]
[White "Gilliere"]
[Black "Ditto"]
[WhiteElo "1850"]
[BlackElo "1640"]
[Result "0-1"]
[Round "1"]
1.e4 e5
2.Ng1f3 Nb8c6
3.d4 exd4
4.Nf3xd4 Nc6e5
5.Nb1c3 Bf8b4
6.Bc1d2 Ng8f6
7.a3 Bb4c5
8.Nd4e2 d6
9.h3 O-O
10.Nc3a4 Nf6d7
11.Na4xc5 Nd7xc5
12.Ne2g3 b6
13.Bd2c3 Bc8b7
14.Bc3xe5 dxe5
15.Qd1xd8 Rf8xd8
16.Bf1c4 Rd8d6
17.O-O Ra8f8
18.f3 Rd6g6
19.Ng3f5 Rg6f6
20.Nf5e7 Kh8
21.Ne7d5 Bb7xd5
22.Bc4xd5 c6
23.Bd5a2 Rf6d6
24.b4 Nc5a4
25.Ba2b3 Na4c3
26.Rf1e1 Nc3b5
27.Re1d1 Rd6xd1
28.Ra1xd1 Nb5d4
29.Bb3a2 Nd4e2
30.Kf2 Ne2c3
31.Rd1a1 f6
32.Ba2b3 Rf8d8
33.Ke1 h5
34.Kf2 Rd8d2
35.Kg3 Nc3e2
36.Kh2 g5
37.c4 Ne2f4
38.Ra1g1 Rd2d3
39.Bb3c2 Rd3xa3
40.c5 Ra3a2
41.Bc2b3 Ra2b2
42.Bb3f7 Rb2xb4
43.cxb6 axb6
44.Bf7e8 c5
45.g3 Rb4b2
46.Kh1 Nf4xh3
47.Rg1f1 h4
48.gxh4 gxh4
49.Be8h5 Nh3f4
50.Bh5g4 h3
51.Bg4f5 Kg7
52.Bf5g4 c4
53.Rf1d1 Nf4d3
54.Rd1xd3 cxd3
55.Bg4xh3 d2
{ resign }
0-1

[Event "Match"]
[Site "www.echecsemail.com"]
[Date "2015.04.18"]
[Round "1"]
[White "Andradamaria"]
[Black "Guidom"]
[WhiteElo "2119"]
[BlackElo "2060"]
[Result "1-0"]
[Round "1"]
1.e4 e5
2.Ng1f3 Nb8c6
3.Bf1b5 a6
4.Bb5a4 Ng8f6
5.O-O d6
6.h3 Bf8e7
7.d4 exd4
8.Nf3xd4 Bc8d7
9.Nb1c3 O-O
10.Nd4xc6 bxc6
11.Ba4b3 c5
12.Rf1e1 Bd7c6
13.f4 Nf6d7
14.Nc3d5 Be7h4
15.Re1f1 Ra8b8
16.Qd1g4 Bc6xd5
17.Bb3xd5 Qd8f6
18.g3 Qf6d4
19.Kh2 Bh4f6
20.Qg4xd7 { resign }
1-0

[Event "Match"]
[Site "www.echecsemail.com"]
[Date "2015.04.18"]
[Round "1"]
[White "Caspito"]
[Black "Generalfree"]
[WhiteElo "1790"]
[BlackElo "1930"]
[Result "0-1"]
[Round "1"]
1.e4 e5
2.Ng1f3 Nb8c6
3.Bf1b5 Ng8e7
4.Bb5xc6 Ne7xc6
5.c3 Bf8c5
6.d3 d6
7.Nf3g5 Qd8f6
8.O-O h6
9.Ng5f3 Bc8g4
10.Nb1d2 O-O-O
11.b4 Bc5b6
12.a4 a5
13.b5 Nc6e7
14.Nd2c4 Bg4xf3
15.Nc4xb6 cxb6
16.gxf3 Rh8g8
17.Qd1c2 Qf6xf3
18.Bc1e3 f5
19.Be3xb6 Rd8f8
20.c4 fxe4
21.dxe4 Rf8f6
22.Qc2d1 Rf6g6

0-1

[Event "1/128 Finale"]
[Site "www.chess-mail.com"]
[Date "2015.04.18"]
[Round "1"]
[White "Derfel83"]
[Black "Andradamaria"]
[WhiteElo "1820"]
[BlackElo "2119"]
[Result "0-1"]
[Round "1"]
1.e4 c5
2.Nb1c3 Nb8c6
3.f4 e6
4.Ng1f3 d5
5.Bf1b5 Ng8e7
6.O-O a6
7.Bb5xc6 Ne7xc6
8.Qd1e1 d4
9.Nc3e2 d3
10.cxd3 Qd8xd3
11.Nf3e5 Nc6xe5
12.fxe5 Qd3xe4
13.Ne2g3 Qe4d4
14.Qe1f2 Qd4xf2
15.Rf1xf2 c4
16.Rf2f3 b5
17.b3 Bf8c5
18.Kh1 Bc5d4
19.Ra1b1 Bc8b7
{ resign }
0-1

[Event "Eq:La Taverne-Los Tercios : "]
[Site "www.chess-mail.com"]
[Date "2015.04.18"]
[Round "1"]
[White "Gorgo"]
[Black "Xkafi"]
[WhiteElo "2440"]
[BlackElo "1910"]
[Result "1-0"]
[Round "1"]
1.e4 e5
2.Ng1f3 Qd8f6
3.Nb1c3 c6
4.d4 exd4
5.Bc1g5 Qf6g6
6.Qd1xd4 d6
7.h4 Bc8g4
8.O-O-O Nb8d7
9.e5 d5
10.Qd4xg4 Bf8b4
11.Qg4xb4 { resign }
1-0

[Event "Fast Game"]
[Site "www.echecsemail.com"]
[Date "2015.04.18"]
[Round "1"]
[White "Stevep84"]
[Black "Tomasseeber"]
[WhiteElo "2030"]
[BlackElo "1850"]
[Result "0-1"]
[Round "1"]
1.e4 d5
2.exd5 Ng8f6
3.d4 Nf6xd5
4.Ng1f3 Bc8f5
5.Bf1d3 Qd8c8
6.O-O Nd5b4
7.Bd3xf5 Qc8xf5
8.Nf3e1 Nb8c6
9.c3 Nb4d5
10.Bc1e3 e5
11.Ne1f3 O-O-O
12.Qd1e2 Qf5h5
13.Rf1e1 e4
14.Nf3g5 Qh5g6
15.Nb1d2 f5
16.f4 Nd5xe3
17.Qe2xe3 h6
18.Ng5h3 Qg6f7
19.b4 Qf7d5
20.Re1b1 Bf8e7
21.a4 Be7f6
22.Kh1 Nc6xd4
23.c4 Nd4c2
24.cxd5 Nc2xe3
25.Ra1a2 Rd8xd5
26.b5 Rh8d8
27.Nd2f1 Rd5d1
28.Rb1xd1 Rd8xd1
29.Nh3g1 Ne3xf1
30.h3 Bf6h4
31.Ng1e2 Rd1e1
32.g4 Re1xe2
{ resign }
0-1

[Event "Tourn. n8169"]
[Site "www.chess-mail.com"]
[Date "2015.04.19"]
[Round "1"]
[White "Cathar"]
[Black "Kermet"]
[WhiteElo "2240"]
[BlackElo "2510"]
[Result "1/2-1/2"]
[Round "1"]
1.e4 c5
2.Ng1f3 Nb8c6
3.d4 cxd4
4.Nf3xd4 Ng8f6
5.Nb1c3 e5
6.Nd4b5 d6
7.Bc1g5 a6
8.Nb5a3 b5
9.Nc3d5 Bf8e7
10.Bg5xf6 Be7xf6
11.c4 b4
12.Na3c2 a5
13.g3 O-O
14.h4 Ra8b8
15.b3 Bc8e6
16.Bf1g2 Be6xd5
17.exd5 Nc6d4
18.Bg2e4 Nd4xc2
{ draw }
1/2-1/2

[Event "Tourn. n8161"]
[Site "www.chess-mail.com"]
[Date "2015.04.19"]
[Round "1"]
[White "Inez"]
[Black "Hansen"]
[WhiteElo "1270"]
[BlackElo "1440"]
[Result "1-0"]
[Round "1"]
1.e4 d5
2.exd5 Qd8xd5
3.Nb1c3 Qd5e5
4.Bf1e2 e6
5.d4 Qe5f5
6.Be2d3 Qf5f6
7.Ng1f3 Bf8b4
8.Bc1g5 Qf6xg5
9.Nf3xg5 Ng8h6
10.O-O f6
11.Qd1h5 Kd7
12.Ng5xe6 Kxe6
13.Qh5d5 Ke7
14.Rf1e1 Kf8
15.Qd5d8 Kf7
16.Qd8xc7 Nb8d7
17.Qc7c4 Kf8
18.Qc4xb4 Kf7
19.Qb4e7 Kg8
20.Bd3c4 Nh6f7
21.Qe7xf7 { resign }
1-0